Biggest Metro Areas In Eastern Canada - Statistics

General Stats
  • This quiz has been taken 39 times
  • The average score is 8 of 15
Answer Stats
Metro Pop. Answer Province % Correct
403,390 Halifax NS
100%
126,202 Saint John NB
97%
205,955 St. John's NL
97%
101,760 Fredericton NB
85%
69,325 Charlottetown PEI
82%
144,810 Moncton NB
79%
16,587 Summerside PEI
45%
45,753 Truro NS
39%
31,110 Bathurst NB
30%
31,917 Corner Brook NL
27%
23,524 Edmunston NB
21%
34,487 New Glasgow NS
21%
15,746 Campbellton NB
18%
27,523 Miramichi NB
18%
26,222 Kentville NS
15%
No matching quizzes found
Score Distribution
Percent of People with Each Score
Percentile by Number Answered
Your Score History
You have not taken this quiz